PHYSICAL GEOLOGY (Record no. 191024)
[ view plain ]
| 000 -LEADER | |
|---|---|
| fixed length control field | 00233nam a2200097Ia 4500 |
| 050 ## - LIBRARY OF CONGRESS CALL NUMBER | |
| Classification number | QE28.2.P588 2008 |
| 100 ## - MAIN ENTRY--PERSONAL NAME | |
| Personal name | CHARLES C.PLUMMER |
| 245 #0 - TITLE STATEMENT | |
| Title | PHYSICAL GEOLOGY |
| 942 ## - ADDED ENTRY ELEMENTS (KOHA) | |
| Koha item type | Long Loan Book |
| Withdrawn status | Lost status | Source of classification or shelving scheme | Damaged status | Not for loan | Collection | Home library | Current library | Shelving location | Date acquired | Inventory number | Total checkouts | Full call number | Barcode | Date last seen | Copy number | Price effective from | Koha item type |
|---|---|---|---|---|---|---|---|---|---|---|---|---|---|---|---|---|---|
| Library of Congress Classification | Science & Technology | Kisii University Library | Kisii University Library | On Display | 09/04/2024 | 78756 | QE 28.2 .P588 2008 | 018114 | 09/04/2024 | C.2 | 09/04/2024 | Long Loan Book | |||||
| Library of Congress Classification | Science & Technology | Kisii University Library | Kisii University Library | On Display | 09/04/2024 | 78755 | QE 28.2 .P588 2008 | 037308 | 09/04/2024 | C.1 | 09/04/2024 | Long Loan Book |